Author-Title Mashup Matchup Quiz Stats

 Plays Quiz not verified by Sporcle

Challenge
Share
Tweet
Score 0/16 Timer 02:00
0 Plays Today
% Correct
Dan Dickens
89%
James Fenimore Twain
89%
J. D. Lee
87.7%
F. Scott de Cervantes
85.8%
Ayn Heller
80.6%
Leo Dostoyevsky
80.6%
Jules Wells
80%
J. R. R. Grisham
77.4%
% Correct
Michael Brontë
77.4%
Ernest Steinbeck
74.8%
Jane Thompson
73.5%
Margaret Baum
72.9%
James Christie
69.7%
Charlotte Asimov
68.4%
Oscar James
58.1%
Ralph Wright
52.9%

You're not logged in!

Compare scores with friends on all Sporcle quizzes.
Join for Free
OR
Log In

You Might Also Like...

Show Comments

Extras

Top Quizzes Today


Score Distribution

Your Account Isn't Verified!

In order to create a playlist on Sporcle, you need to verify the email address you used during registration. Go to your Sporcle Settings to finish the process.

Report this User

Report this user for behavior that violates our Community Guidelines.

Details: